000 00412 a2200145 4500
999 _c5795
_d5795
020 _a97881889866655
050 _aQA 401 SHA 2007
100 _aRao, G. Shanker
_eauthor
245 _aEngineering mathematics/
_cG. Shanker Rao
264 _aNew Delhi:
_bI.K. International Publishing House
_c2007
300 _a412p. :
_bill.
500 _aText
650 _aEngineering Mathematics
942 _2lcc
_cBK
_h401
_iRAO
_kQA